SOCIOLOGICAL THEORIES AND CONCEPTS (Record no. 2504)

MARC details
000 -LEADER
fixed length control field 00343nam a2200145Ia 4500
008 - FIXED-LENGTH DATA ELEMENTS--GENERAL INFORMATION
fixed length control field 220530s9999 xx 000 0 und d
020 ## - INTERNATIONAL STANDARD BOOK NUMBER
International Standard Book Number 826621974
100 ## - MAIN ENTRY--PERSONAL NAME
Personal name IGNOU
9 (RLIN) 61249
245 ## - TITLE STATEMENT
Title SOCIOLOGICAL THEORIES AND CONCEPTS
250 ## - EDITION STATEMENT
Edition statement FIRST
260 ## - PUBLICATION, DISTRIBUTION, ETC. (IMPRINT)
Place of publication, distribution, etc. NAGPUR
Name of publisher, distributor, etc. IGNOU
Date of publication, distribution, etc. 1905
300 ## - PHYSICAL DESCRIPTION
Extent 200
650 ## - SUBJECT ADDED ENTRY--TOPICAL TERM
Topical term or geographic name as entry element SOCIOLOGY
9 (RLIN) 61250
Holdings
Withdrawn status Lost status Damaged status Not for loan Home library Current library Date acquired Vendor Cost, normal purchase price Barcode Date last seen Bill Date Koha item type Original Barcode
        Sitabai Nargundkar College of Nursing Nagpur Sitabai Nargundkar College of Nursing Nagpur 26/05/2016 TEXTBOOK DONATED SARIKA BHANGE MADAM 100.00 SNCN-BK-1692 31/05/2022 31/05/2022 Donated Book 1692
        Sitabai Nargundkar College of Nursing Nagpur Sitabai Nargundkar College of Nursing Nagpur 26/05/2016 TEXTBOOK DONATED SARIKA BHANGE MADAM 100.00 SNCN-BK-1698 05/05/2023 31/05/2022 Donated Book 1698